000 00389nam a2200121Ia 4500
008 220620s9999||||xx |||||||||||||| ||und||
245 0 _aAnt Colony Optimization
_bMethods and Applications
546 _aEnglish[eng]
650 _aNeural networks & fuzzy systems
700 _aOstfeld, Avi
856 _uhttps://mts.intechopen.com/storage/books/45/authors_book/authors_book.pdf
942 _cEB
999 _c26061
_d26061